The United Kingdom Quiz Stats

 Plays Quiz Updated Jan 25, 2017

Also try: The Canada Quiz
Challenge
Share
Tweet
Embed
Score 0/50 Timer 07:00
2 Plays Today
Hint Answer % Correct
Flag ColorRed
98.2%
Flag ColorWhite
98.1%
Flag ColorBlue
98.1%
Capital CityLondon
96.2%
Country of UKScotland
94%
Country of UKWales
93.5%
CurrencyPounds Sterling (GBP)
93.4%
Primary LanguageEnglish
93.4%
Country of UKEngland
92.5%
Largest ReligionChristianity
91.4%
Bordering CountryRepublic of Ireland
89.8%
Primary ContinentEurope
87.5%
Country of UKNorthern Ireland
87.3%
Drives on the...Left
86%
MonarchElizabeth II
85.1%
Bordering OceanAtlantic Ocean
84.5%
Heir to the ThroneCharles, Prince of Wales
84.4%
National AnthemGod Save the Queen
80.5%
Prime MinisterTheresa May
78.4%
Nationality (Demonym)British
78.4%
Major Political PartyLabour Party
77.7%
Major Political PartyConservative Party
77.6%
Internet Country Code.uk
74.1%
Age of Suffrage18
73.1%
Parliament Upper HouseHouse of Lords
70%
Hint Answer % Correct
Second Largest CityBirmingham
69.9%
Oldest Institution of Higher LearningUniversity of Oxford
69.5%
Longest Reigning MonarchElizabeth II
68.8%
Parliament Lower HouseHouse of Commons
67.1%
Royal House NameHouse of Windsor
66.1%
Prime Minister Residence10 Downing Street
64.8%
Coronation ChurchWestminster Abbey
64.3%
Capital City Residence of MonarchBuckingham Palace
63.5%
Patron Saint of EnglandSaint George
61.3%
Largest StadiumWembley Stadium
60.9%
Major Political PartyLiberal Democrats
59.7%
Home of the Crown JewelsTower of London
59.1%
Largest IslandGreat Britain
56%
Highest Point (1,343 m)Ben Nevis
47.6%
Leader of the OppositionJeremy Corbyn
46.8%
Third Largest CityLeeds
43.7%
Largest CathedralLiverpool Cathedral
42.1%
Longest RiverRiver Severn
40%
Official NameUnited Kingdom of Great Britain and Northern Ireland
39.2%
Chancellor of the ExchequerPhilip Hammond
33.2%
First Lord Protector of CommonwealthOliver Cromwell
31.7%
Year of Magna Carta 1215
30.1%
First Prime MinisterSir Robert Walpole
18%
Largest LakeLough Neagh
8.4%
Lowest Point (-4 m)The Fens
8.3%

You're not logged in!

Compare scores with friends on all Sporcle quizzes.
OR
Log In

You Might Also Like...

Show Comments

Extras

Top Quizzes Today


Score Distribution

Your Account Isn't Verified!

In order to create a playlist on Sporcle, you need to verify the email address you used during registration. Go to your Sporcle Settings to finish the process.

Report this User

Report this user for behavior that violates our Community Guidelines.

Details: